000 01068nam0a22002531 4500
001 rc\677320
005 20031121165837.7
035 _a(NLR Aleph) 005914907
090 _a6415478
_c6415478
100 _a20031121d1986 u |0rusy50 ca
101 0 _arus
102 _aRU
105 _ay |||||||||
200 1 _aОБЫКНОВЕННЫЕ дифференциальные уравнения в примерах и задачах
_eУчеб. пособие для военнослужащих
_f[Н.В. Шолохов, Г.М. Кузьмина, Е.Б. Сандаков и др.]
_gПод ред. А.С. Логинова
_gМ-во высш. и сред. спец. образования СССР, Моск. инж.-физ. ин-т
210 _aМ.
_cМИФИ
_d1986
215 _a96 с.
_d20
701 1 _aШолохов
_bН. В.
702 1 _aЛогинов
_bА. С.
_4340
712 0 2 _aМосковский инж.-физ. ин-т
_3RU\NLR\AUTH\8810021585
801 0 _aRU
_bNLR
_gpsbo
801 1 _aRU
_bELAR
_2rusmarc
852 _aNLR
_j87-4/21276
942 _cBOOK
980 _aNB